| 000 | 00451nam a2200145Ia 4500 | ||
|---|---|---|---|
| 008 | 220216s9999 xx 000 0 und d | ||
| 100 | _aBell C L M | ||
| 245 | 0 | _aTensile strength of natural rubber vulcanizates at elevated temperature | |
| 260 | _bProceedings of the International Rubber Conference, Venice, 1979; p777-786 | ||
| 650 | _aNR vulcanizates | ||
| 650 | _aTensile strength | ||
| 700 | _aStinson D | ||
| 700 | _aThomas A G | ||
| 942 | _cJS | ||
| 999 |
_c70385 _d70385 |
||